banner koha

Anais do 2. Congresso Brasileiro de Rochagem (Registro n. 299497)

MARC details
000 -LÍDER
Campo de controle fixo 01249nam a22004097a 4500
001 - NÚMERO DE CONTROLE
Número de controle BR2024001010
003 - CÓDIGO MARC DA AGÊNCIA CATALOGADORA
Campo de controle BR-BrBNA
005 - DATA E HORA DA ÚLTIMA ATUALIZAÇÃO
Campo de controle 20240508160748.0
008 - CAMPO DE TAMANHO FIXO
Campo fixo de controle 240508b bl.||||| |||| 00| 0 por d
020 ## - ISBN - INTERNATIONAL STANDARD BOOK NUMBER
ISBN 978-85-8179-061-9
040 ## - FONTE DA CATALOGAÇÃO
Agência catalogadora BR-BrBNA
Idioma da catalogação por
041 ## - CÓDIGO DO IDIOMA
Código do Idioma (eng, por)
072 ## - CATEGORIA AGRIS
Código da categoria de assunto/objeto <a href="F04 ; P35 ; D50">F04 ; P35 ; D50</a>
090 ## - NÚMERO DE CHAMADA
Localização na estante F04 BR2024001010
100 0# - ENTRADA PRINCIPAL - NOME PESSOAL
Nome pessoal Theodoro, Suzi Huff (ed.)
100 0# - ENTRADA PRINCIPAL - NOME PESSOAL
Nome pessoal Martins, Eder de Souza (ed.)
100 0# - ENTRADA PRINCIPAL - NOME PESSOAL
Nome pessoal Fernandes, Marcus Manoel (ed.)
100 0# - ENTRADA PRINCIPAL - NOME PESSOAL
Nome pessoal Carvalho, André Mundstock Xavier de (ed.)
111 ## - ENTRADA PRINCIPAL - EVENTO
Data da realização do evento 12-17 May 2013
Local de realização do evento Poços de Caldas, MG (Brasil)
Nome do evento ou lugar 2. Congresso Brasileiro de Rochagem
245 ## - TÍTULO PRINCIPAL
Título principal Anais do 2. Congresso Brasileiro de Rochagem
260 ## - IMPRENTA (PUBLICAÇÃO, DISTRIBUIÇÃO, ETC.)
Lugar de publicação, distribuição, etc. Poços de Caldas, MG (Brasil)
Data de publicação, distribuição, etc 2013
300 ## - DESCRIÇÃO FÍSICA
Extensão 399 p.
Detalhes físicos adicionais il.
Dimensões 23 cm
500 ## - NOTA GERAL
Notas gerais 106 illus.; 74 tables
650 ## - ASSUNTO - THESAGRO
Cabeçalho tópico ou nome geográfico ROCHA
650 ## - ASSUNTO - THESAGRO
Cabeçalho tópico ou nome geográfico SOLO
650 ## - ASSUNTO - THESAGRO
Cabeçalho tópico ou nome geográfico MINERALIZAÇÃO
650 ## - ASSUNTO - THESAGRO
Cabeçalho tópico ou nome geográfico MELHORAMENTO DO SOLO
650 ## - ASSUNTO - THESAGRO
Cabeçalho tópico ou nome geográfico RECUPERAÇÃO DO SOLO
650 ## - ASSUNTO - THESAGRO
Cabeçalho tópico ou nome geográfico DISPONIBILIDADE DE NUTRIENTES
650 ## - ASSUNTO - THESAGRO
Cabeçalho tópico ou nome geográfico DIFUSÃO DE TECNOLOGIA
650 ## - ASSUNTO - THESAGRO
Cabeçalho tópico ou nome geográfico ADOÇÃO DE INOVAÇÕES
650 ## - ASSUNTO - THESAGRO
Cabeçalho tópico ou nome geográfico SUSTENTABILIDADE
650 ## - ASSUNTO - THESAGRO
Cabeçalho tópico ou nome geográfico FERTILIDADE DO SOLO
650 ## - ASSUNTO - THESAGRO
Cabeçalho tópico ou nome geográfico REGULAMENTAÇÃO
909 ## - IDENTIFICAÇÃO DO CATALOGADOR
Ano e mês da catalogação (aaaamm) 202405
Identificação do catalogador Fernando
942 ## - TIPO ESPECÍFICO
Tipo de material Livros
952 ## - LOCATION AND ITEM INFORMATION (KOHA)
-- 2024-05-08
Exemplares
Status de empréstimo Fonte de classificação Status de danificação Não pode ser emprestado Código da coleção Localização permanente Localização atual Localização na estante Total Checkouts Número de chamada Código de barras Tipo de material
  Classificação AGRIS     Agrobase Biblioteca Nacional de Agricultura - Binagri Biblioteca Nacional de Agricultura - Binagri Agrobase - Acervo Geral   F04 BR2024001010 2024-7938 Livros

BINAGRI

Telefone: (61)3218-2567/2388/3357/2097 - binagri@agro.gov.br

Ministério da Agricultura e Pecuária , Esplanada dos Ministérios, Bloco D, Anexo B, Brasília/DF, CEP: 70.043-900